000 01929nam a22002177a 4500
005 20170302020002.0
008 150115b2012 ck il. | |||| 00| 0 spa d
040 _aCO-BoIAVH
_cCO-BoIAVH
041 _aspa
044 _ack
082 _a305.8986
_bH117
245 0 0 _aHacia un Conpes indígena amazónico. Volumen II :
_bconstruyendo una política pública integral para los pueblos indígenas de la Amazonia colombiana /
_ccoordinación editorial Carlos Gilberto Zárate Botía
260 _aLeticia :
_bUniversidad Nacional de Colombia sede Amazonia ,
_cc2012.
300 _a497 p.
_bil., mapas
505 _aVolumen II. Primera parte: líneas base situacionales / Marco Tobón Ocampo; José Soria Java -- Los pueblos indígenas del departamento de amazonas -- Tierras y territorios indígenas -- Bienestar y equidad – Prácticas productivas y medio ambiente -- Condiciones humanitarias de los pueblos indígenas en el departamento -- Gobernabilidad, cohesión social y participación -- Segunda parte: consultorías especializadas -- Reflexiones en torno a los proyectos de ley de ordenamiento territorial y los pueblos indígenas / Sonia Uruburu -- Lineamientos para la constitución de entidades territoriales del nivel local / Lina María Hurtado -- Elementos para una política pública sobre pueblos indígenas aislados de la civilización occidental en la amazonia colombiana / Roberto Franco García -- Líneas de base para la formulación de una propuesta de política pública de estado integral para los pueblos indígenas en los departamentos del Vaupés y Guainía / François Correa
650 1 4 _aPolítica pública
_zAmazonas (Región)
_zColombia
_931621
650 1 4 _aComunidades indígenas
_xAspectos sociales
_zAmazonas (Región)
_zColombia
_931622
650 1 4 _aIndígenas del Amazonas
_xSituación legal
_zColombia
_931623
700 _aZárate-Botía, Carlos Gilberto
_eed.
_931620
942 _2ddc
_cLIBRO
_01
999 _c8991
_d8991